000 00860nam a2200277 i 4500
001 000049167
003 DO-SdBNP
005 20260424090900.0
007 ta
008 190724s1986 dr 000 0 spa d
040 _aDO-SdBNP
_bspa
_cBNPHU
_erda
041 _aspa
082 4 _axxx
_bM492p
_222
100 _aMedrano Vasquez, Manuel W.
_d1939-
_eautor
_4aut.
_936257
245 0 0 _aPrincipales acciones antes el tribunal de tierras /
_cManuel W. Medrano V.
264 1 _aSanto Domingo :
_bLa Filantropica,
_c1986
300 _a180 paginas ;
_c21 cm.
336 _atexto
_btxt
_2rdacontent
337 _asin mediación
_bn
_2rdamedia
338 _avolumen
_bnc
_2rdacarrier
500 _aIncluye datos biográficos del autor en la contracubierta
590 _aInventariado, 2023/DG
650 4 _aDerechos humanos
_9658
910 _aDG
942 _2ddc
_cLBS1
999 _c54297
_d54297